1455 1718 1889 1550 1518 1474 1904 1416 1613 1370 1831 1224 1935 1499 1911 1406 1306 1299 1925 1285 1907 1999 1583 1616 1656 1890 1273 1704 1154 1485 1104 1430 1015 1605 1579 1382 1650 1296 1796 1429 1898 1939 1432 1378 1845 1652 1755 1360 1811 1710 1856 1876 1473 1739 1083 1720 1486 1151 1300 1505 1392 1094 1237 1917 1420 1438 1719 1782 1486 1460 1689 1550 1839 1093 1230 1284 1755 1769 1834 1040 1313 1531 1794 1223 1834 1849 1863 1699 1100 1840 1391 1954 1503 1138 1409 1591 1658 1754 1434 BCNSPRNW ULIB Ver.6.0+V

เปลี่ยนเป็นภาษาไทย

Change to English
 แสดงรายละเอียดบรรณานุกรม
  กลับหน้าหลัก

Brief Record : Get Marc (ISO 2709) : E-mail record : QR code < ปิดหน้าต่าง
LEADER : 00000nam 2200000uu 4500
001    13399125332
003     ULIB
008    170426s2559||||th 000 0 tha d
020    ^a9786162798184
060 04 ^aWY161^bส996ก
245 00 ^aการพยาบาลผู้บาดเจ็บ =Trauma nursing /^cบรรณาธิการ,ไสว นรสาร ,พีรญา ไสไหม
250    ^aพิมพ์ครั้งที่ 1
260    ^aกรุงเทพฯ :^bโครงการตำรารามาธิบดีคณะแพทยศาสตร์โรงพยาบาลรามาธิบดี มหาวิทยามหิดล,^c2559.
300    ^a408หน้า :^bภาพประกอบ ;^c28 ซม.
650  2 ^aWounds and Injuries^xnursing
650  4 ^aการพยาบาล
650  4 ^aการรักษาบาดแผล
650  4 ^aบาดแผลและบาดเจ็บ^xการพยาบาล
700 0  ^aไสว นรสาร,^eบรรณาธิการ
700 0  ^aพีรญา ไสไหม,^eบรรณาธิการ
710 1  ^aมหาวิทยามหิดล.^bคณะแพทยศาสตร์โรงพยาบาลรามาธิบดี.^bโครงการตำรา
945    ^p0^l0^i002028
945    ^p0^l0^i002029
945    ^p0^l0^i002030
945    ^p0^l0^i002031
945    ^p0^l0^i002032
945    ^p0^l0^i002033
945    ^p0^l0^i002034
945    ^p0^l0^i002035
945    ^p0^l0^i002036
945    ^p0^l0^i002037
999    ^aวรรณษา ชูชัยมงคล
รายการนี้ยังไม่มีแท็ก
คุณยังไม่ได้ล็อกอิน คุณสามารถมีกิจกรรมร่วมกับเว็บไซต์ได้ แต่ต้องล็อกอินก่อน ::
  ล็อกอิน

รายการสื่อสารสนเทศ

ลำดับที่ ประเภท เลขเรียก/บาร์โค้ด สถานที่ สถานะ
1. หนังสือสำรอง
หนังสือสำรอง
สถานะ=หนังสือเก่า
WY161 ส996ก ฉ.1 
  Barcode: 002028
ห้องสมุดวิทยาเขตสวรรค์ประชารักษ์
►ส่วนจัดเก็บหนังสือเก่า สปร
บนชั้น
  ขอยืม
2. วิทยาศาสตร์การแพทย์ และสุขภาพ
วิทยาศาสตร์การแพทย์ และสุขภาพ
สถานะ=หนังสือเก่า
WY161 ส996ก ฉ.10 
  Barcode: 002037
ห้องสมุดวิทยาเขตสวรรค์ประชารักษ์
►ส่วนจัดเก็บหนังสือเก่า สปร
บนชั้น
  ขอยืม
3. วิทยาศาสตร์การแพทย์ และสุขภาพ
วิทยาศาสตร์การแพทย์ และสุขภาพ
สถานะ=หนังสือเก่า
WY161 ส996ก ฉ.2 
  Barcode: 002029
ห้องสมุดวิทยาเขตสวรรค์ประชารักษ์
►ส่วนจัดเก็บหนังสือเก่า สปร
ถูกยืม กำหนดส่งวันที่ 22 สิงหาคม 2568
  จอง
4. วิทยาศาสตร์การแพทย์ และสุขภาพ
วิทยาศาสตร์การแพทย์ และสุขภาพ
สถานะ=หนังสือเก่า
WY161 ส996ก ฉ.3 
  Barcode: 002030
ห้องสมุดวิทยาเขตสวรรค์ประชารักษ์
►ส่วนจัดเก็บหนังสือเก่า สปร
บนชั้น
  ขอยืม
5. วิทยาศาสตร์การแพทย์ และสุขภาพ
วิทยาศาสตร์การแพทย์ และสุขภาพ
สถานะ=หนังสือเก่า
WY161 ส996ก ฉ.4 
  Barcode: 002031
ห้องสมุดวิทยาเขตสวรรค์ประชารักษ์
►ส่วนจัดเก็บหนังสือเก่า สปร
บนชั้น
  ขอยืม
6. วิทยาศาสตร์การแพทย์ และสุขภาพ
วิทยาศาสตร์การแพทย์ และสุขภาพ
สถานะ=หนังสือเก่า
WY161 ส996ก ฉ.5 
  Barcode: 002032
ห้องสมุดวิทยาเขตสวรรค์ประชารักษ์
►ส่วนจัดเก็บหนังสือเก่า สปร
บนชั้น
  ขอยืม
7. วิทยาศาสตร์การแพทย์ และสุขภาพ
วิทยาศาสตร์การแพทย์ และสุขภาพ
สถานะ=หนังสือเก่า
WY161 ส996ก ฉ.6 
  Barcode: 002033
ห้องสมุดวิทยาเขตสวรรค์ประชารักษ์
►ส่วนจัดเก็บหนังสือเก่า สปร
บนชั้น
  ขอยืม
8. วิทยาศาสตร์การแพทย์ และสุขภาพ
วิทยาศาสตร์การแพทย์ และสุขภาพ
สถานะ=หนังสือเก่า
WY161 ส996ก ฉ.7 
  Barcode: 002034
ห้องสมุดวิทยาเขตสวรรค์ประชารักษ์
►ส่วนจัดเก็บหนังสือเก่า สปร
บนชั้น
  ขอยืม
9. วิทยาศาสตร์การแพทย์ และสุขภาพ
วิทยาศาสตร์การแพทย์ และสุขภาพ
สถานะ=หนังสือเก่า
WY161 ส996ก ฉ.8 
  Barcode: 002035
ห้องสมุดวิทยาเขตสวรรค์ประชารักษ์
►ส่วนจัดเก็บหนังสือเก่า สปร
บนชั้น
  ขอยืม
10. วิทยาศาสตร์การแพทย์ และสุขภาพ
วิทยาศาสตร์การแพทย์ และสุขภาพ
สถานะ=หนังสือเก่า
WY161 ส996ก ฉ.9 
  Barcode: 002036
ห้องสมุดวิทยาเขตสวรรค์ประชารักษ์
►ส่วนจัดเก็บหนังสือเก่า สปร
บนชั้น
  ขอยืม

รายการใกล้เคียง
    หัวเรื่อง [การพยาบาล]
    หัวเรื่อง [การรักษาบาดแผล]

BibComment


ยังไม่เคยถูกคอมเมนท์

คอมเมนท์ทรัพยากรรายการนี้
  คอมเมนท์: การพยาบาลผู้บาดเ..


 Copyright 2026. Bcnsprnw @Library